00737nam a2200217 a 450000100100000000500170001000800410002702000150006804000250008308200200010810000350012824500370016326000440020030000200024450000520026465000280031665000310034404900090037595201180038499900170050200002592120240412074252.0110224s2006 dr 000 0 spa d a9945160060 aDO-SdBNPbspacBNPHU aRD861.44bM385i1 aMartínez, Eddyd1964-95277910aIgual o nada /cEddy Martínez. aSanto Domingo :bEditora Búho,c2006. a40 p. ;c22 cm. aIncluye datos biográficos del autor en salapa 0aPoesía dominicana966 0aLiteratura dominicana.967 aBNPD 0010718PDaPDbPDcCTd2011-02-24iLF1l0oRD861.44 M385ip25921-10r2020-06-25w2020-06-25yLFPDZNo se presta c25413d25413